BIBLIOTHÈQUE DE LA MAISON DU MEXIQUE

Logo 1 Logo 2

El Zarco y La Navidad en las Montañas (notice nᵒ 11891)

détails MARC
000 -Sello discográfico
campo de control de longitud fija 00969nam a2200301 4500
005 - Identificación de versión
campo de control 20251017062830.0
035 ## - Otros números de control del sistema
Número de control del sistema 6935
099 ## - fechas locales
Tipo de ítem Koha LIBRO
100 ## - Datos de procesamiento general
Datos de procesamiento general 20041004d19691966m y1spay5003 ba
105 ## - Campo de datos codificados: Material textual, monográfico
Datos codificados de monografía y 001ay
200 1# - Título y mención de responsabilidad
Título propio El Zarco y La Navidad en las Montañas
Designación general del material texto impreso
Primer mención de responsabilidad Ignacio M. Altamirano
Declaración de responsabilidad subsiguiente introducción María del Carmen Millán
205 ## - Declaración de edición
Declaración de edición 4a ed
210 ## - Publicación, distribución, etc.
Lugar de publicación, distribución, etc. México
Nombre del editor, distribuidor, etc. Editorial Porrúa
Fecha de publicación, distribución, etc. 1969
215 ## - Descripción física
Designación de material específico y extensión del ítem XXVII, 125 p
Dimensiones 22 cm
345 ## - Nota de información de adquisición
Fuente de adquisición/dirección de la suscripción [OBSOLETO] Donación
410 #1 - Series
Título Colección "Sepan Cuantos ..."
Número de volumen 61
606 ## - Término temático usado como materia
Elemento de entrada Novela mexicana
Subdivisión temática Colecciones
Número Koha 472
660 ## - Código de área geográfica
Código MX
700 ## - Nombre personal - Responsabilidad primaria
Elemento de entrada Altamirano Basilio
Parte del nombre distinta del elemento de entrada Ignacio Manuel
Fechas 1834-1893
Número Koha 496
702 ## - Nombre personal - Responsabilidad secundaria
Elemento de entrada Millán Acevedo
Parte del nombre distinta del elemento de entrada María del Carmen Francisca
Fechas 1914-1982
Número Koha 4102
801 #0 - Fuente de origen
Agencia cm
900 ## -
-- 1/8261
900 ## -
-- 7100420027\041004
942 ## - ELEMENTOS DE ENTRADA SECUNDARIOS (KOHA)
Tipo de ítem Koha Livre
996 ## -
-- MEX
-- 751145101
-- MMAG
-- 012351
-- 080 S479 V.61
-- 20250204LIV
Exemplaires
Estatus retirado Estado de daño Estado de pérdida Fecha de adquisición Biblioteca de origen Biblioteca actual Ubicación en estantería Código de barras Precio de reemplazo Signatura topográfica completa No para préstamo Tipo de ítem Koha Nota pública Nota no pública
      05/08/2025 Casa México Paris Casa México Paris   012351 05/08/2025 080 S479 V.61   Livre 20250204LIV 751145101